Dicionário de sinônimos e antônimos (Record no. 154107)

MARC details
000 -LÍDER
campo de controle de tamanho fixo 00338 a2200121 4500
001 - NÚMERO DE CONTROLE
campo de controle 154107
040 ## - FONTE DA CATALOGAÇÃO
Instituição que transcreveu o registro Escola São Tomás de Aquino
100 ## - ENTRADA PRINCIPAL--NOME PESSOAL
Nome pessoal MORAIS, Orlando Mendes
240 10 - TÍTULO UNIFORME
Título uniforme Dicionário de sinônimos e antônimos
Idioma da obra por
245 10 - TÍTULO
Título Dicionário de sinônimos e antônimos
697 ## - ENTRADA DE ASSUNTO LOCAL--ENTIDADE COLETIVA (RLIN)
Nome corporativo ou nome da jurisdição Dicionário de português
942 ## - ELEMENTOS DE ENTRADA ADICIONADOS (KOHA)
Tipo de material Koha Materiais pedagógicos
Holdings
Situação do descarte Situação das perdas Situação física Não pode ser emprestado Biblioteca de origem Biblioteca atual Data de aquisição Total de empréstimos Número de chamada completo Código de barras Data de último acesso Data do preço efetivo Tipo de material Koha
        ESTA - SÃO BENTO ESTA - SÃO BENTO 30/04/2024   469.3 MOR DIC EST00008173 30/04/2024 30/04/2024 Materiais pedagógicos